| 000 | 00991nam a2200241Ia 4500 | ||
|---|---|---|---|
| 008 | 161108s9999 xx 000 0 und d | ||
| 020 | _a9789588296456 | ||
| 100 | _aVerne, Julio, 1828-1905 | ||
| 245 |
_aUn capitán de quince años / _c Julio Verne ; ilustración: _b Germán Bello |
||
| 250 | _aPrimera edición | ||
| 300 |
_a407 páginas : _b ilustraciones en color ; _c 24 cm |
||
| 490 | _aJulio Verne | ||
| 500 | _aTítulo original: Un capitaine de quinze ans | ||
| 650 | _aNovela Francesa - Siglo Xix / Literatura Francesa - Siglo Xix / Autores Franceses - Siglo Xix / Narraciones De Aventuras / Historias De Aventuras - Siglo Xx / Adolescencia - Novela / Desde Los 15 A{Aelig}Os | ||
| 700 | _aBello, Germán | ||
| 264 |
_aBogotá : _b Ediciones gato azul ; Cangrejo Editores |
||
| 336 |
_atexto _btxt _2rdacontent |
||
| 337 |
_asin mediación _bn _2rdamedia |
||
| 338 |
_avolumen _bnc _2rdacarrier |
||
| 040 |
_aCO-BoRNBP _bspa _erda _cCO-BoRNBP |
||
| 084 | _aN VER2 | ||
| 942 | _2loc | ||
| 999 |
_c7382 _d7382 |
||